Fundamental accounting principles / (Record no. 27886)

000 -LEADER
fixed length control field 00893nam a2200277 a 4500
001 - CONTROL NUMBER
control field 519150
005 - DATE AND TIME OF LATEST TRANSACTION
control field 20170211104232.0
008 - FIXED-LENGTH DATA ELEMENTS--GENERAL INFORMATION
fixed length control field 870814s1987 ilua 001 0 eng
010 ## - LIBRARY OF CONGRESS CONTROL NUMBER
LC control number 86081958
020 ## - INTERNATIONAL STANDARD BOOK NUMBER
International Standard Book Number 0256035741
040 ## - CATALOGING SOURCE
Original cataloging agency DLC
Transcribing agency DLC
Modifying agency DLC
050 00 - LIBRARY OF CONGRESS CALL NUMBER
Classification number HF5635
Item number .L343 1987
100 1# - MAIN ENTRY--PERSONAL NAME
Personal name Larson, Kermit D.
245 10 - TITLE STATEMENT
Title Fundamental accounting principles /
Statement of responsibility, etc. Kermit D. Larson, William W. Pyle.
250 ## - EDITION STATEMENT
Edition statement 11th ed.
260 ## - PUBLICATION, DISTRIBUTION, ETC. (IMPRINT)
Place of publication, distribution, etc. Homewood, Ill. :
Name of publisher, distributor, etc. Irwin,
Date of publication, distribution, etc. 1987.
300 ## - PHYSICAL DESCRIPTION
Extent xxxi, 1076 p. :
Other physical details col. ill. ;
Dimensions 26 cm.
440 #4 - SERIES STATEMENT/ADDED ENTRY--TITLE
Title The Robert N. Anthony/Willard J. Graham series in accounting
500 ## - GENERAL NOTE
General note Pyle's name appears 1st on 10th ed.
500 ## - GENERAL NOTE
General note Includes index.
650 #0 - SUBJECT ADDED ENTRY--TOPICAL TERM
Topical term or geographic name as entry element Accounting.
700 1# - ADDED ENTRY--PERSONAL NAME
Personal name Pyle, William W.
942 ## - ADDED ENTRY ELEMENTS (KOHA)
Source of classification or shelving scheme
Koha item type Hard Covered Materials
Classification part HF5635 .L343 1987
Holdings
Withdrawn status Lost status Source of classification or shelving scheme Damaged status Not for loan Home library Current library Shelving location Date acquired Source of acquisition Total Checkouts Full call number Barcode Date last seen Price effective from Koha item type
          MACHAKOS UNIVERSITY LIBRARY MACHAKOS UNIVERSITY LIBRARY Technical section 11/02/2017 Donation(BFA)   HF5635 .L343 1987 35769 12/07/2018 11/02/2017 Hard Covered Materials
© Machakos University Library, Along The Highway, Machakos Wote Rd, Machakos, Kenya P.O. Box 136 - 90100 Machakos - Kenya

Tel: ( +254 ) 723 805829 OR Fax : 044-20353 OR Email: library@mksu.ac.ke